| 000 | 01129 a2200229 4500 | ||
|---|---|---|---|
| 003 | Nust | ||
| 005 | 20221208120611.0 | ||
| 010 | _a 75035836 | ||
| 020 |
_a0442300964. _a0442300972 |
||
| 040 | _cNust | ||
| 082 | 0 | 0 | _a530.41, LOV |
| 100 | 1 |
_aLovell, M. C. _9104446 |
|
| 245 | 1 | 0 |
_aPhysical properties of materials / _cM. C. Lovell, A. J. Avery, M. W. Vernon. |
| 260 |
_aNew York : _bVan Nostrand Reinhold Co., _cc1975. |
||
| 300 |
_axii, 304 p. : _bill. ; _c25 cm. |
||
| 505 | _aChapter 1:- Fundamentals (Page-1), Chapter 2:- Structure of Solids (Page-19), Chapter 3:- Preparation of materials (Page-42), Chapter 4:- Practical Detremanatation of Structure (Page-65), Chapter 5:-Mechanical Properties of Materials (Page-87), Chapter 6:- Thermal Properties (Page-106), Chapter 7:- Electrical Properties (Page-106), Chapter 8:- Dielectrics (Page-153), Chapter 9:- Magnetic Properties (Page-185), Chapter 10:- Optical Properties (Page-218), Chapter 11:- Superconductivity (Page-256). | ||
| 650 | 0 | _aMaterials. | |
| 650 | 0 | _aSolids. | |
| 700 | 1 |
_aAvery, A. J., _9104447 |
|
| 700 | 1 |
_aVernon, M. W., _9104448 |
|
| 942 |
_2ddc _cBK |
||
| 999 |
_c180842 _d180842 |
||